[Event "21st European Teams Women"]
[Site "Hersonissos GRE"]
[Date "2017.11.06"]
[Round "9.1"]
[Board "2"]
[White "Gunina, Valentina"]
[Black "Mkrtchian, Lilit"]
[Result "1-0"]
[WhiteTitle "GM"]
[BlackTitle "IM"]
[WhiteElo "2502"]
[BlackElo "2390"]
[WhiteTeam "Russia"]
[BlackTeam "Armenia"]
[WhiteFideId "4167570"]
[BlackFideId "13300601"]
[EventDate "2017.10.28"]

1. e4 e6 2. d4 d5 3. Nd2 c5 4. exd5 exd5 5. Ngf3 Nc6 6. Bb5 Bd6 7. dxc5 Bxc5 8.
O-O Ne7 9. Nb3 Bd6 10. Bg5 O-O 11. Re1 Bg4 12. Bxc6 bxc6 13. Nbd4 f6 14. Bh4 Qd7
15. Bg3 c5 16. Bxd6 Qxd6 17. Nb5 Qd7 18. Qd3 Rfe8 19. Nc3 c4 20. Qd1 Rad8 21. h3
Bh5 22. g4 Bf7 23. Nd4 Ng6 24. Rxe8+ Rxe8 25. Qf3 Re5 26. Kf1 Qe8 27. Rd1 h5 28.
Qg3 hxg4 29. hxg4 Qd7 30. b3 cxb3 31. axb3 Re8 32. Nce2 Ne5 33. f3 a5 34. Ra1
Ra8 35. Qe1 Qc7 36. Kg2 Ng6 37. Qg3 Qe5 38. Kf2 Be8 39. f4 Qe4 40. Qe3 Qxe3+ 41.
Kxe3 Bd7 42. g5 fxg5 43. fxg5 Kf7 44. Kd2 Ke7 45. Nc3 Kd6 46. Na4 Rh8 47. Nb6
Rh4 48. Kc3 Rh3+ 49. Kb2 Rh4 50. Nf3 Rh3 51. Nd2 Rh2 52. Nf1 Rg2 53. Rxa5 Bc6
54. Nxd5 Rxg5 55. Nfe3 Rxd5 56. Nxd5 Bxd5 57. c4 Be4 58. Ra6+ Ke5 59. Ra7 Kf6
60. b4 Ne7 61. b5 g5 62. b6 Nc6 63. b7 Nb8 64. Ra8 Nd7 65. Rd8 Bxb7 66. Rxd7 Bf3
67. Rd8 g4 68. Kc3 Ke5 69. Rg8 Kf4 70. Kd4 Kg3 71. Ke3 Kg2 72. Kf4 Kf2 73. c5 1-0

[Event "21st European Teams Women"]
[Site "Hersonissos GRE"]
[Date "2017.11.06"]
[Round "9.1"]
[Board "3"]
[White "Galojan, Lilit"]
[Black "Girya, Olga"]
[Result "1/2-1/2"]
[WhiteTitle "IM"]
[BlackTitle "WGM"]
[WhiteElo "2291"]
[BlackElo "2505"]
[WhiteTeam "Armenia"]
[BlackTeam "Russia"]
[WhiteFideId "13301314"]
[BlackFideId "4195752"]
[EventDate "2017.10.28"]

1. c4 Nf6 2. Nf3 e6 3. d4 d5 4. g3 Be7 5. Bg2 O-O 6. O-O Nbd7 7. Qc2 c6 8. Bf4
Nh5 9. Bd2 Nhf6 10. Bf4 Nh5 11. Bd2 f5 12. b4 Nhf6 13. Rc1 Ne4 14. Be1 a6 15.
Nbd2 g5 16. Nb3 Bf6 17. Nfd2 Nd6 18. e3 Bg7 19. Nc5 Nf6 20. Rab1 Qe7 21. Nd3 Bd7
22. Ne5 Be8 23. a4 f4 24. Rb3 Nd7 25. Nxd7 Qxd7 26. Qd1 dxc4 27. Nxc4 Nxc4 28.
Rxc4 e5 29. d5 Rd8 30. exf4 exf4 31. Bc3 cxd5 32. Rd4 Bf7 33. b5 fxg3 34. hxg3
Be6 35. bxa6 bxa6 36. Rb6 Kh8 37. Ba1 Qf7 38. f4 Rb8 39. a5 Rxb6 40. axb6 Qb7
41. Rb4 a5 42. Rb3 gxf4 43. gxf4 a4 44. Rb4 a3 45. f5 Bxf5 46. Qxd5 Qxd5 47.
Bxg7+ Kxg7 48. Bxd5 Rb8 49. b7 Kf6 50. Ra4 Ke5 51. Bg2 Kd6 52. Rxa3 Rg8 53. Rg3
Bg6 54. Rc3 Bf7 55. Kh1 Be6 56. Rc6+ Kd7 57. Ra6 Rb8 58. Kh2 h5 59. Kg3 Rg8+ 60.
Kh4 Kc7 61. Bf3 Bg4 62. Bh1 Rd8 63. Rf6 Kb8 64. Ra6 Kc7 65. Rf6 Kb8 66. Rf1 Kc7
67. Rc1+ Kb8 68. Ra1 Kc7 69. Kg5 Rg8+ 70. Kf6 Rd8 71. Ra8 Rd6+ 72. Kg5 Rb6 73.
Rh8 Rb5+ 74. Kh4 Rb4 75. Rh7+ Kd6 76. Kg5 Rb5+ 77. Kf4 Rb1 78. Be4 Rb4 79. Rh8
Kc7 80. Rh7+ Kd6 81. Ke3 Ke5 82. Kd3 Rb3+ 83. Kc2 Rb6 84. Re7+ Kd6 85. Re8 Kc7
86. Rh8 Rb4 87. Kc3 Rb6 88. Rh7+ Kb8 89. Kc4 Rb2 90. Rh8+ Kc7 91. Rh6 Bd7 92.
Rh7 Rb6 93. Rxh5 Bc6 94. Rh7+ Kb8 1/2-1/2

[Event "21st European Teams Women"]
[Site "Hersonissos GRE"]
[Date "2017.11.06"]
[Round "9.1"]
[Board "4"]
[White "Goryachkina, Aleksandra"]
[Black "Gevorgyan, Maria"]
[Result "1-0"]
[WhiteTitle "WGM"]
[BlackTitle "WIM"]
[WhiteElo "2478"]
[BlackElo "2262"]
[WhiteTeam "Russia"]
[BlackTeam "Armenia"]
[WhiteFideId "4147103"]
[BlackFideId "13300270"]
[EventDate "2017.10.28"]

1. d4 Nf6 2. c4 e6 3. g3 d5 4. Bg2 Be7 5. Nf3 O-O 6. O-O dxc4 7. Qc2 a6 8. a4
Bd7 9. Qxc4 Bc6 10. Bf4 a5 11. Nc3 Na6 12. Bg5 Nb4 13. e3 Ra6 14. Rfd1 Rb6 15.
Qe2 h6 16. Bxf6 Bxf6 17. e4 Qe8 18. Bh3 g6 19. Ne5 Bxe5 20. dxe5 Qe7 21. Rac1
Na6 22. Rc2 Qg5 23. f4 Qe7 24. Bg2 Rb4 25. h4 Kh7 26. Kh2 Rg8 27. Rdc1 Rd4 28.
Nb5 Rxa4 29. Rxc6 bxc6 30. Nc3 Rb4 31. Qxa6 Rxb2 32. Qxa5 Rd8 33. Nd1 Re2 34.
Nc3 Rb2 35. Rd1 Rc2 36. Kh3 Rxd1 37. Nxd1 Qd7 38. Ne3 Re2 39. Ng4 Qd8 40. Nf6+
Kg7 41. h5 Rc2 42. hxg6 fxg6 43. Bf1 h5 44. Bd3 Rc1 45. Kg2 c5 46. Bb5 c4 47.
Bd7 Qb8 48. Qa3 Rc2+ 49. Kh3 Qd8 50. Bxe6 Rd2 51. Bxc4 Qc8+ 52. e6 Rd6 53. Nd7
Rxd7 54. Qc3+ Kh7 55. exd7 Qxd7+ 56. Kg2 Qc6 57. Bg8+ 1-0

[Event "21st European Teams Women"]
[Site "Hersonissos GRE"]
[Date "2017.11.06"]
[Round "9.2"]
[Board "1"]
[White "Dzagnidze, Nana"]
[Black "Zimina, Olga"]
[Result "1/2-1/2"]
[WhiteTitle "GM"]
[BlackTitle "IM"]
[WhiteElo "2520"]
[BlackElo "2394"]
[WhiteTeam "Georgia"]
[BlackTeam "Italy"]
[WhiteFideId "13601903"]
[BlackFideId "4132190"]
[EventDate "2017.10.28"]

1. d4 d5 2. c4 c6 3. Nf3 Nf6 4. e3 Bg4 5. Nc3 e6 6. h3 Bh5 7. g4 Bg6 8. Ne5 Nbd7
9. Nxg6 hxg6 10. cxd5 exd5 11. Bg2 Bd6 12. Bd2 a5 13. Qc2 Nb6 14. b3 Qe7 15. a4
Bb4 16. Ne2 Bxd2+ 17. Qxd2 Ne4 18. Qc2 O-O 19. O-O Rfe8 20. Nf4 Qd6 21. Rfe1 Nd7
22. Rad1 Nb8 23. f3 Ng5 24. Qd2 Na6 25. e4 dxe4 26. fxe4 Nb4 27. e5 Qe7 28. d5
cxd5 29. Nxd5 Nxd5 30. Qxd5 b6 31. Qd6 Rab8 32. Qxe7 Rxe7 33. Re3 Ne6 34. Rd6
Nf4 35. Bf1 g5 36. Bc4 Kf8 37. Kh2 Ng6 38. e6 Nf4 39. Kg3 Nxe6 40. Bxe6 Rxe6 41.
Rexe6 fxe6 42. Rxe6 b5 43. Re5 bxa4 44. bxa4 Rb3+ 45. Kg2 Ra3 46. Rxa5 Kf7 47.
Rf5+ Kg6 48. a5 Kh6 49. Rd5 Kg6 50. Rd6+ Kh7 51. a6 Kg8 52. Kf2 Kh7 53. Ke2 Rxh3
54. Kd2 Rg3 55. a7 Ra3 56. Rd7 Kh6 57. Kc2 g6 58. Kb2 Rxa7 59. Rxa7 1/2-1/2

[Event "21st European Teams Women"]
[Site "Hersonissos GRE"]
[Date "2017.11.06"]
[Round "9.2"]
[Board "2"]
[White "Sedina, Elena"]
[Black "Batsiashvili, Nino"]
[Result "0-1"]
[WhiteTitle "IM"]
[BlackTitle "IM"]
[WhiteElo "2288"]
[BlackElo "2472"]
[WhiteTeam "Italy"]
[BlackTeam "Georgia"]
[WhiteFideId "812153"]
[BlackFideId "13602993"]
[EventDate "2017.10.28"]

1. e4 e5 2. Nf3 Nc6 3. Bc4 Nf6 4. d3 Bc5 5. O-O O-O 6. Nbd2 d6 7. c3 Ne7 8. Re1
Ng6 9. Nf1 Bb6 10. Bb3 c6 11. Ng3 d5 12. h3 Be6 13. exd5 Nxd5 14. d4 exd4 15.
Nxd4 Qc7 16. Ne4 Rae8 17. Nxe6 Rxe6 18. c4 Nf6 19. c5 Rxe4 20. cxb6 axb6 21. Bg5
Qe5 22. Qd2 Re8 23. Be3 Qe7 24. Red1 b5 25. Rac1 Ne5 26. Bc5 Qc7 27. Bd6 Qc8 28.
Qc2 Nc4 29. Bg3 Re2 30. Qb1 Rxb2 31. Qd3 Qe6 32. Re1 Qxe1+ 33. Rxe1 Rxe1+ 34.
Kh2 Nd2 35. Bh4 Nf1+ 36. Kg1 Rd2 37. Qf3 Rd4 38. Qc3 Nd2+ 39. Kh2 Nfe4 40. Bxf7+
Kxf7 0-1

[Event "21st European Teams Women"]
[Site "Hersonissos GRE"]
[Date "2017.11.06"]
[Round "9.2"]
[Board "3"]
[White "Khotenashvili, Bela"]
[Black "Di Benedetto, Desiree"]
[Result "1-0"]
[WhiteTitle "GM"]
[BlackTitle "FM"]
[WhiteElo "2459"]
[BlackElo "2190"]
[WhiteTeam "Georgia"]
[BlackTeam "Italy"]
[WhiteFideId "13602640"]
[BlackFideId "875813"]
[EventDate "2017.10.28"]

1. d4 d5 2. c4 e6 3. Nf3 Nf6 4. g3 Be7 5. Bg2 O-O 6. O-O dxc4 7. Qc2 b6 8. Ne5
Qxd4 9. Qc3 Qxc3 10. Nxc3 Nd5 11. Nxd5 exd5 12. Bxd5 c6 13. Bxc4 Bf6 14. Nd3 Ba6
15. Bxa6 Nxa6 16. Bf4 Rfe8 17. Rfe1 c5 18. Rac1 Rac8 19. b3 b5 20. Rc2 c4 21.
Rec1 c3 22. b4 g5 23. Be3 Re4 24. a3 Rc7 25. Kf1 Kg7 26. Rd1 Ree7 27. Nc1 Red7
28. Rxd7 Rxd7 29. Na2 Rc7 30. f3 h6 31. Bf2 Rc4 32. Bxa7 Nc7 33. Bf2 g4 34. fxg4
Rxg4 35. Nc1 Nd5 36. Kg2 Rc4 37. Nd3 Nc7 38. Nc5 Kg6 39. Kf3 Bg7 40. e4 Bh8 41.
g4 h5 42. h3 hxg4+ 43. hxg4 Ne6 44. Nxe6 fxe6 45. Bc5 Kf6 46. Kf4 Bg7 47. g5+
Kg6 48. Ke3 Kxg5 49. a4 Bd4+ 50. Bxd4 Rxb4 51. axb5 Rxb5 52. Rg2+ Kh4 53. Bxc3 1-0

[Event "21st European Teams Women"]
[Site "Hersonissos GRE"]
[Date "2017.11.06"]
[Round "9.2"]
[Board "4"]
[White "Gueci, Tea"]
[Black "Melia, Salome"]
[Result "0-1"]
[WhiteTitle "WFM"]
[BlackTitle "IM"]
[WhiteElo "2161"]
[BlackElo "2412"]
[WhiteTeam "Italy"]
[BlackTeam "Georgia"]
[WhiteFideId "872342"]
[BlackFideId "13602446"]
[EventDate "2017.10.28"]

1. e4 c5 2. Nf3 Nc6 3. Bb5 d6 4. d4 cxd4 5. Qxd4 Bd7 6. Bxc6 bxc6 7. c4 e5 8.
Qd3 h6 9. Nc3 Nf6 10. O-O Qc7 11. Bd2 Be7 12. b4 O-O 13. Rfd1 Be6 14. Rac1 Qb7
15. Rb1 Rfd8 16. b5 cxb5 17. Rxb5 Qa6 18. Be3 Rac8 19. Nd2 Ng4 20. Rdb1 Nxe3 21.
fxe3 Bg5 22. a4 h5 23. R5b4 Qc6 24. Nd5 Re8 25. R1b3 Bd8 26. Rb7 Qxa4 27. Ra3
Qd1+ 28. Kf2 a5 29. Rb1 Qg4 30. Nf3 h4 31. Rg1 f5 32. Nd2 Rf8 33. Ke1 Rb8 34.
Ra1 h3 35. g3 fxe4 36. Qxe4 Qxe4 37. Nxe4 Rb2 38. Nd2 Bg4 39. Nc3 Bb6 40. Nd5
Bd8 41. Ra3 Rc2 42. Rc3 Rxc3 43. Nxc3 Bb6 44. Nd5 Bc5 45. Nb3 Rb8 46. Nxc5 Rb1+
47. Kf2 Rb2+ 48. Ke1 dxc5 0-1

[Event "21st European Teams Women"]
[Site "Hersonissos GRE"]
[Date "2017.11.06"]
[Round "9.3"]
[Board "1"]
[White "Bulmaga, Irina"]
[Black "Socko, Monika"]
[Result "1-0"]
[WhiteTitle "IM"]
[BlackTitle "GM"]
[WhiteElo "2423"]
[BlackElo "2479"]
[WhiteTeam "Romania"]
[BlackTeam "Poland"]
[WhiteFideId "13903063"]
[BlackFideId "1106619"]
[EventDate "2017.10.28"]

1. e4 c6 2. d4 d5 3. Nc3 dxe4 4. Nxe4 Bf5 5. Ng3 Bg6 6. Nh3 e6 7. Nf4 Bd6 8.
Ngh5 Bxh5 9. Nxh5 g6 10. Nf4 Nf6 11. g3 Nbd7 12. Bg2 Nd5 13. Nd3 Nb4 14. O-O
Nxd3 15. Qxd3 O-O 16. b3 Re8 17. Bb2 Bf8 18. c4 Bg7 19. Rad1 Qa5 20. Qb1 Rad8
21. Rfe1 Nb6 22. Qa1 Nc8 23. Bf3 Ne7 24. Kg2 Qb6 25. Re3 Rd7 26. d5 Bxb2 27.
Qxb2 cxd5 28. cxd5 Nf5 29. Ree1 Qd8 30. dxe6 Rxe6 31. Rxe6 fxe6 32. Rxd7 Qxd7
33. Qe5 b6 34. h4 Qd6 35. Qe4 Qd7 36. h5 Kf7 37. Qe5 Qd8 38. Be4 Nd6 39. Qf4+
Kg7 40. h6+ Kg8 41. Qe5 Qe7 42. Bd5 Kf7 43. Bc6 Qf8 44. Bd7 Ke7 45. Qxe6+ Kd8
46. Bc6 Qe7 47. Qg8+ Kc7 48. Bf3 Kd7 49. Qa8 Ke6 50. Bg4+ Ke5 51. Qh8+ Kd5 52.
Qg7 Qf7 53. Bd7 Ke4 54. Bc6+ Kd3 55. Qe5 Qf8 56. Qb2 Qc8 57. Bf3 Qe6 58. Qg7 Qf7
59. Qe5 Qf8 60. Bd5 Kd2 61. Qe3+ Kc2 62. b4 Qf6 63. Bb3+ Kb2 64. Qd2+ Ka3 65.
Bg8 Qe5 66. Qe3+ Qxe3 67. fxe3 Nf5 68. e4 Nxh6 69. Bxh7 Kxb4 70. Bxg6 Ka3 71. e5
Kxa2 72. Kf3 b5 73. Kf4 Kb2 74. Bh7 Nf7 75. e6 Nd6 76. e7 a5 77. Ke5 Nf7+ 78.
Ke6 Ng5+ 79. Kf5 Nf7 80. Bg6 1-0

[Event "21st European Teams Women"]
[Site "Hersonissos GRE"]
[Date "2017.11.06"]
[Round "9.3"]
[Board "2"]
[White "Zawadzka, Jolanta"]
[Black "Peptan, Corina-Isabela"]
[Result "0-1"]
[WhiteTitle "WGM"]
[BlackTitle "IM"]
[WhiteElo "2422"]
[BlackElo "2399"]
[WhiteTeam "Poland"]
[BlackTeam "Romania"]
[WhiteFideId "1122320"]
[BlackFideId "1201930"]
[EventDate "2017.10.28"]

1. e4 c5 2. Nf3 e6 3. d4 cxd4 4. Nxd4 a6 5. c4 Nf6 6. Nc3 d6 7. Be3 Be7 8. Be2
Qc7 9. O-O O-O 10. Rc1 Nbd7 11. f4 Re8 12. Bf3 Bf8 13. Nb3 h6 14. Qe2 e5 15. f5
Qb8 16. a4 b6 17. g4 Be7 18. Rfd1 Bb7 19. h4 Nh7 20. Bf2 Bc6 21. Nd2 Nc5 22. Ra1
a5 23. Kh2 Qd8 24. Kh3 g5 25. h5 Nf6 26. Nf1 Qb8 27. Qc2 Qb7 28. Nd5 Bxd5 29.
cxd5 Rec8 30. Qb1 b5 31. axb5 Qxb5 32. Ng3 Rab8 33. Kg2 Qxb2 34. Qxb2 Rxb2 35.
Rxa5 Nb7 36. Raa1 Rcc2 37. Rf1 Bd8 38. Kg1 Rxf2 39. Rxf2 Bb6 40. Nh1 Bxf2+ 41.
Nxf2 Nc5 42. Ra8+ Kg7 43. Rd8 Rb4 44. Rxd6 Rb1+ 45. Nd1 Ncxe4 46. Rc6 Nxd5 47.
Bxe4 Rxd1+ 48. Kf2 Nf6 49. Bf3 Rd4 50. Kg3 Rd3 51. Kf2 Rd2+ 52. Ke3 Rd4 53. Ra6
Rc4 54. Rd6 Ra4 55. Rc6 e4 56. Be2 Nd5+ 57. Kf2 e3+ 58. Kf3 Rf4+ 59. Kg3 Nf6 60.
Bf3 Ne4+ 61. Bxe4 e2 62. Rc1 Rf1 63. Bd3 Rxc1 64. Bxe2 Rc3+ 65. Bf3 Kf6 66. Kf2
Ke5 67. Kg3 f6 0-1

[Event "21st European Teams Women"]
[Site "Hersonissos GRE"]
[Date "2017.11.06"]
[Round "9.3"]
[Board "3"]
[White "Cosma, Elena-Luminita"]
[Black "Szczepkowska, Karina"]
[Result "0-1"]
[WhiteTitle "WGM"]
[BlackTitle "IM"]
[WhiteElo "2333"]
[BlackElo "2406"]
[WhiteTeam "Romania"]
[BlackTeam "Poland"]
[WhiteFideId "1201590"]
[BlackFideId "1122681"]
[EventDate "2017.10.28"]

1. d4 Nf6 2. Nf3 e6 3. c4 Bb4+ 4. Bd2 a5 5. Nc3 O-O 6. e3 d6 7. Qc2 Nc6 8. a3
Bxc3 9. Bxc3 Re8 10. Rd1 Qe7 11. d5 Nd8 12. Be2 a4 13. O-O b6 14. Rfe1 e5 15.
Nd2 Nb7 16. Nf1 Nc5 17. Ng3 g6 18. f4 h5 19. fxe5 dxe5 20. Bf3 Rb8 21. e4 Nh7
22. Re3 h4 23. Nh1 h3 24. Ng3 Ng5 25. Qf2 f6 26. Kh1 Kg7 27. Rg1 Rh8 28. Be2 Bd7
29. Bf1 hxg2+ 30. Rxg2 Rh6 31. Bd2 Rbh8 32. Re1 Bh3 33. Rg1 Bg4 34. Bxg5 Bf3+
35. Rg2 Bxg2+ 36. Qxg2 Rxh2+ 37. Qxh2 Rxh2+ 38. Kxh2 fxg5 39. Be2 g4 40. Bxg4
Qh4+ 41. Bh3 Nd3 42. Rg1 Kf8 43. Nh1 Nf4 44. Rg3 g5 45. Nf2 Nxh3 0-1

[Event "21st European Teams Women"]
[Site "Hersonissos GRE"]
[Date "2017.11.06"]
[Round "9.3"]
[Board "4"]
[White "Kulon, Klaudia"]
[Black "Sandu, Mihaela"]
[Result "0-1"]
[WhiteTitle "WGM"]
[BlackTitle "WGM"]
[WhiteElo "2358"]
[BlackElo "2278"]
[WhiteTeam "Poland"]
[BlackTeam "Romania"]
[WhiteFideId "1131044"]
[BlackFideId "1204327"]
[EventDate "2017.10.28"]

1. e4 c5 2. Nf3 e6 3. d4 cxd4 4. Nxd4 Nf6 5. Nc3 d6 6. Be3 Nc6 7. f3 d5 8. exd5
exd5 9. Bb5 Bd7 10. O-O Bb4 11. Bg5 Bxc3 12. bxc3 O-O 13. Rb1 h6 14. Bh4 Re8 15.
Kh1 Rc8 16. Nb3 a6 17. Be2 Ne5 18. Qd2 Ng6 19. Bf2 Rxe2 20. Qxe2 Bb5 21. Qd2
Bxf1 22. Rxf1 Qc7 23. Bd4 Nh5 24. g3 Qd7 25. Kg2 Re8 26. Re1 Rxe1 27. Qxe1 Qa4
28. Qb1 Kh7 29. Nc1 Qd7 30. Nd3 b5 31. Qd1 Qf5 32. Qe2 Nf6 33. Nc5 Qc8 34. Qd3
Kg8 35. Qe3 Nd7 36. Nb3 Ndf8 37. Nc5 Nd7 38. Nd3 Ndf8 39. Nb4 Qf5 40. Qd3 Qe6
41. Bf2 Ne7 42. Bc5 Nfg6 43. Qe3 Qf6 44. Bxe7 Nxe7 45. Qa7 Qe5 46. Kf2 Kh7 47.
Nxa6 Nf5 48. Qc5 h5 49. Nb4 h4 50. f4 Qe4 51. gxh4 Qxf4+ 52. Ke1 Qe4+ 53. Kd1
Ne3+ 54. Kd2 Qg2+ 55. Kd3 Qe4+ 56. Kd2 Nc4+ 57. Kd1 Qf3+ 58. Ke1 Ne3 59. c4 Qd1+
60. Kf2 Qf1+ 61. Kg3 Qg2+ 62. Kf4 Qf2+ 63. Ke5 Qf6# 0-1

[Event "21st European Teams Women"]
[Site "Hersonissos GRE"]
[Date "2017.11.06"]
[Round "9.4"]
[Board "1"]
[White "Atalik, Ekaterina"]
[Black "Muzychuk, Anna"]
[Result "0-1"]
[WhiteTitle "IM"]
[BlackTitle "GM"]
[WhiteElo "2468"]
[BlackElo "2576"]
[WhiteTeam "Turkey"]
[BlackTeam "Ukraine"]
[WhiteFideId "4130189"]
[BlackFideId "14111330"]
[EventDate "2017.10.28"]

1. d4 Nf6 2. Nf3 g6 3. g3 Bg7 4. Bg2 d5 5. O-O O-O 6. c4 c6 7. Qb3 Qb6 8. Nc3
Rd8 9. Qxb6 axb6 10. cxd5 Nxd5 11. Bg5 Be6 12. a4 h6 13. Bd2 Na6 14. Rfc1 Ndb4
15. h4 c5 16. Nb5 cxd4 17. Nc7 Nxc7 18. Rxc7 Nd5 19. Rc2 Bf5 20. Rc4 b5 21. Rc5
bxa4 22. Rb5 Nc3 23. Rxb7 Nxe2+ 24. Kf1 d3 25. Rb4 Rdb8 26. Raxa4 Rxa4 27. Rxb8+
Kh7 28. Ne1 Ra1 29. Rd8 Rd1 30. g4 Bxg4 31. Rxd3 Nd4 0-1

[Event "21st European Teams Women"]
[Site "Hersonissos GRE"]
[Date "2017.11.06"]
[Round "9.4"]
[Board "4"]
[White "Osmak, Iulija"]
[Black "Arda, Cagil Irmak"]
[Result "1-0"]
[WhiteTitle "IM"]
[BlackTitle "WFM"]
[WhiteElo "2339"]
[BlackElo "2040"]
[WhiteTeam "Ukraine"]
[BlackTeam "Turkey"]
[WhiteFideId "14101602"]
[BlackFideId "6351700"]
[EventDate "2017.10.28"]

1. d4 Nf6 2. Bg5 d5 3. Nd2 c5 4. dxc5 e6 5. e3 Bxc5 6. Ngf3 Nc6 7. Bd3 Be7 8.
O-O O-O 9. c4 a6 10. Rc1 Nb4 11. Bb1 dxc4 12. Rxc4 Nbd5 13. e4 Nb6 14. Rd4 Nfd7
15. Bxe7 Qxe7 16. e5 Nd5 17. Ne4 b5 18. Qd3 g6 19. Qd2 Kg7 20. Ng3 h5 21. Re1
Rh8 22. Ne4 Bb7 23. a3 Rad8 24. Ba2 Ba8 25. Qa5 Nb8 26. Rdd1 Nf4 27. Rd6 Nd3 28.
Re3 Nxe5 29. Qc3 f6 30. Rxe6 Rd1+ 31. Ne1 Qb7 32. Rxe5 fxe5 33. Qxe5+ Kh7 34.
Ng5+ Kh6 35. Qxh8+ Kxg5 36. h4+ Kg4 37. Be6+ 1-0

[Event "21st European Teams Women"]
[Site "Hersonissos GRE"]
[Date "2017.11.06"]
[Round "9.5"]
[Board "1"]
[White "Peng, Zhaoqin"]
[Black "Shvayger, Yuliya"]
[Result "0-1"]
[WhiteTitle "GM"]
[BlackTitle "WGM"]
[WhiteElo "2362"]
[BlackElo "2442"]
[WhiteTeam "Netherlands"]
[BlackTeam "Israel"]
[WhiteFideId "1004786"]
[BlackFideId "14100126"]
[EventDate "2017.10.28"]

1. d4 Nf6 2. Nf3 e6 3. e3 d5 4. Bd3 c5 5. b3 Be7 6. O-O O-O 7. Bb2 b6 8. Nbd2
Bb7 9. Qe2 Nbd7 10. Rfd1 Rc8 11. Ne5 cxd4 12. exd4 Bb4 13. c4 Bxd2 14. Rxd2 Ne4
15. Rdd1 Nxe5 16. dxe5 Nc5 17. Qh5 g6 18. Qh6 Qe7 19. b4 Nxd3 20. Rxd3 dxc4 21.
Rh3 f5 22. exf6 Qf7 23. Re1 Rcd8 24. Rhe3 Rfe8 25. h4 Qf8 26. f7+ Qxf7 27. Rxe6
Rxe6 28. Rxe6 Bc8 29. Re4 Bf5 30. Rxc4 Re8 31. Qf4 h5 32. Rc7 Re7 33. Qd4 Re1+
34. Kh2 Qxc7+ 35. f4 Kf8 36. Qh8+ Ke7 37. Qg7+ Kd8 38. Qf8+ Kd7 39. Be5 Rxe5 0-1

[Event "21st European Teams Women"]
[Site "Hersonissos GRE"]
[Date "2017.11.06"]
[Round "9.5"]
[Board "2"]
[White "Efroimski, Marsel"]
[Black "Haast, Anne"]
[Result "0-1"]
[WhiteTitle "WGM"]
[BlackTitle "WGM"]
[WhiteElo "2329"]
[BlackElo "2288"]
[WhiteTeam "Israel"]
[BlackTeam "Netherlands"]
[WhiteFideId "2810964"]
[BlackFideId "1017292"]
[EventDate "2017.10.28"]

1. e4 e5 2. Nf3 Nc6 3. Bb5 a6 4. Bxc6 dxc6 5. O-O f6 6. d4 exd4 7. Nxd4 c5 8.
Ne2 Qxd1 9. Rxd1 Bd7 10. Be3 O-O-O 11. Nbc3 Re8 12. Rd2 Bc6 13. Rad1 b6 14. a4
Ne7 15. a5 Ng6 16. axb6 cxb6 17. b3 Be7 18. Nd5 Bd8 19. Ng3 Bxd5 20. Rxd5 Ne7
21. Rd7 g6 22. R7d6 f5 23. e5 Bc7 24. Re6 h6 25. f4 Rd8 26. Rxd8+ Kxd8 27. c4
Rf8 28. b4 Kd7 29. Rf6 Rxf6 30. exf6 Nc6 31. bxc5 bxc5 32. Bxc5 Ke6 33. Ne2 Na5
34. Be7 Nxc4 35. Nd4+ Kf7 36. Nc6 Nb6 37. g3 Nd5 38. Ba3 Nxf6 39. Kg2 a5 40. Kf3
a4 41. Ne7 Ne4 42. Nd5 Bd6 43. Bc1 a3 44. Ke3 Bf8 45. Bxa3 Bxa3 46. Kf3 Nf6 47.
Ne3 Bc5 48. Nc4 Bd4 49. h3 h5 50. Nd6+ Ke6 51. Nc4 Kd5 52. Nd2 Bc3 53. Nf1 Kd4
54. Ne3 h4 55. Ng2 hxg3 56. Nh4 Nh5 57. Nxg6 g2 58. Kxg2 Ke4 59. Ne7 Nxf4+ 60.
Kf1 Bb4 61. Nxf5 Kxf5 62. Kf2 Bf8 63. Kf3 Bh6 64. h4 Nd3 65. h5 Nc1 66. Kf2 Ke4
67. Kg3 Nd3 68. Kg4 Ne5+ 69. Kg3 Ke3 70. Kg2 Ng4 71. Kg3 Nf6 72. Kg2 Ne4 73. Kf1
Kd2 74. Kg1 Ke1 75. Kg2 Ke2 76. Kg1 Nd2 77. Kg2 Nf1 78. Kh1 Kf3 79. Kg1 Ng3 80.
Kh2 Ne2 81. Kh1 Kf2 82. Kh2 Ng1 83. Kh1 Bf4 84. h6 Kf1 85. h7 Nh3 0-1

[Event "21st European Teams Women"]
[Site "Hersonissos GRE"]
[Date "2017.11.06"]
[Round "9.5"]
[Board "3"]
[White "Lanchava, Tea"]
[Black "Klinova, Masha"]
[Result "1/2-1/2"]
[WhiteTitle "IM"]
[BlackTitle "IM"]
[WhiteElo "2314"]
[BlackElo "2289"]
[WhiteTeam "Netherlands"]
[BlackTeam "Israel"]
[WhiteFideId "1005308"]
[BlackFideId "2802015"]
[EventDate "2017.10.28"]

1. c4 e5 2. g3 Nc6 3. Bg2 g6 4. Nc3 Bg7 5. e4 d6 6. Nge2 f5 7. d3 Nf6 8. O-O O-O
9. Nd5 Be6 10. Bg5 Qd7 11. Qd2 Rae8 12. b4 Nd8 13. Rac1 c6 14. Nxf6+ Bxf6 15.
Bxf6 Rxf6 16. d4 fxe4 17. dxe5 dxe5 18. Qxd7 Bxd7 19. Nc3 e3 20. fxe3 Rxf1+ 21.
Rxf1 Be6 22. Ne4 Kg7 23. Nd6 Re7 24. c5 Nf7 25. b5 cxb5 26. Nxb7 Bxa2 27. Ra1
Bc4 28. Rxa7 e4 29. c6 Bd5 30. Ra6 Rc7 31. Na5 Ne5 32. Rb6 Bxc6 33. Nxc6 Rxc6
34. Rb7+ Kf6 35. Bxe4 Rc1+ 36. Kg2 Ng4 37. Rxb5 Nxe3+ 1/2-1/2

[Event "21st European Teams Women"]
[Site "Hersonissos GRE"]
[Date "2017.11.06"]
[Round "9.5"]
[Board "4"]
[White "Gutmakher, Olga"]
[Black "Paulet, Iozefina"]
[Result "1-0"]
[WhiteTitle "WIM"]
[BlackTitle "WGM"]
[WhiteElo "2226"]
[BlackElo "2281"]
[WhiteTeam "Israel"]
[BlackTeam "Netherlands"]
[WhiteFideId "2807602"]
[BlackFideId "1213261"]
[EventDate "2017.10.28"]

1. e4 e6 2. d4 d5 3. Nc3 Bb4 4. e5 c5 5. a3 Bxc3+ 6. bxc3 Qc7 7. Bd2 Ne7 8. Nf3
Bd7 9. Bd3 c4 10. Be2 Ba4 11. Ng5 h6 12. Nh3 Nbc6 13. O-O O-O-O 14. Rb1 Kb8 15.
f4 g6 16. Bf3 Ka8 17. Be3 Rdg8 18. Kh1 Qa5 19. Qd2 a6 20. Rb2 Na7 21. Ra1 Nec6
22. Nf2 Nb5 23. Nd1 Nc7 24. Rb4 Ne7 25. Nb2 Bd7 26. Nxc4 dxc4 27. Bxb7+ Kb8 28.
Bxa6+ Ka8 29. Bb7+ Kb8 30. Be4+ Kc8 31. Rab1 Bb5 32. a4 Ba6 33. d5 Ncxd5 34. Bb6
Nxb6 35. Rxb6 Rd8 36. Qf2 Kd7 37. Rd6+ Ke8 38. Qa7 Nc8 39. Qxa6 Qxa6 40. Rxa6 g5
41. Rc6 gxf4 42. Rxc4 f5 43. Bf3 h5 44. Rb7 Ne7 45. Rcc7 Rh7 46. a5 h4 47. h3
Kf8 48. a6 1-0